| 000 | 01104nam a2200301 i 4500 | ||
|---|---|---|---|
| 003 | EG-GICUC | ||
| 005 | 20260418122039.0 | ||
| 008 | 260418s1993 fr fr|||| 000 0 fre d | ||
| 040 |
_aEG-GiCUC _bfre _cEG-GiCUC _dEG-GiCUC _eRda |
||
| 041 | _afre | ||
| 082 | 0 | 4 |
_221 _a343.4 _bMO . P |
| 092 | 0 | 4 | _221 |
| 099 | _aLAW1 10 343.4 MO . P 1993 | ||
| 100 | 1 |
_aAkida .mohamed Aboul-ela _eAuteur |
|
| 245 |
_aLa Penitence Et La Situation Legale Des Repentis: _bEtude Comparative Des Droits Musulman, Canonique Et Positif/ _cMohamed Aboul-ela Akida. |
||
| 264 |
_aLe Caire : _bDer Al-fikr Al-arabi, _c1993. |
||
| 300 |
_a160 page : _billustration ; _c 24 cm. |
||
| 336 |
_2rda contenu _a texte |
||
| 337 |
_2rda medias _aOrdinateur |
||
| 338 |
_2 transporteur rda _a Ressource en ligne |
||
| 504 | _aDoctorat D'etat En Droit Professeur Assistant À La Faculté De Droit De L'université D'ain-chams. | ||
| 546 | _aTexte en français | ||
| 650 | 1 |
_aDroit Pénal. _2qrmak |
|
| 651 | 1 | _2qrmak | |
| 856 | 4 | 0 | _uhttps://fll.law.cu.edu.eg/fulltext/bks/B10-01008.pdf |
| 905 | _a171 | ||
| 942 |
_2ddc _cBK _e21 _n0 |
||
| 999 |
_c71638 _d71638 |
||